000 01560nam0a2200313 4500
001 RU\NLR\bibl\1748191
005 20250616115504.0
010 _a978-5-9914-0167-8
_9300
021 _aRU
_b2011-13528
_9964
035 _a(NLR Aleph) 001739068
090 _a1447770
_c1447770
100 _a20110318d2010 |||y0rusy50 ca
101 0 _arus
102 _aRU
105 _aa |||||||||
200 1 _aМетодика разработки конструкторской документации в компас-график v.10
_eпрактическое руководство
_eучебное пособие
_fА.Н. Исаев, Н.В. Красавина
_gМ-во образования и науки Рос. Федерации, Гос. образоват. учреждение высш. проф. образования "Яросл. гос. техн. ун-т"
210 _aЯрославль
_cЯрославский государственный технический университет
_d2010
215 _a255, [1] с.
_cил.
_d20
320 _aБиблиогр. в конце кн. (8 назв.)
606 1 _aКОМПАС-3D V10, система автоматизированного проектирования
_jРуководства, пособия и т.п.
_92566864
_3RU\NLR\auth\661518097
686 _aЖ2-5-05я7
700 1 _aИсаев
_bА. Н.
_4070
701 1 _aКрасавина
_bН. В.
_4070
801 0 _aRU
_bNLR
_c20110318
_gRCR
801 1 _aRU
_bNLR
_c20110318
942 _cBOOK
980 _aNB
980 _aNBR